000 00666nam a2200193 a 4500
001 000005336
005 20200929151639.0
008 090819s1982 sp 000 0 spa d
020 _a8400051424
040 _aDO-SdBNP
_bspa
_cBNPHU
082 _axxxx
_bM917d
100 1 _aMúñoz Pérez, José
_915132
245 1 0 _aDiscurso y reflexiones en torno a la comunidad hispánica de naciones :
_bsus fundamentos, consecuencias y posibilidades /
_cJosé Múñoz Pérez.
260 _aSevilla, España :
_bEscuela de Estudios Hispano-Americanos de Sevilla,
_c1982.
300 _a170 p. ;
_c20 cm.
490 1 _aMar adentro
830 0 _aMar adentro
_915133
049 _aBNPD
999 _c5137
_d5137